000 00298nam a22001337a 4500
008 170622b xxu||||| |||| 00| 0 eng d
020 _a9780076762972
041 _aeng
080 _24TH
_a32
100 _a20
101 _aSHP
245 _aAMERICAN DEMOCRACY NOW
_cHARRISON,B.C
942 _2udc
_cBK
999 _c18634
_d18634